MARC

Tag First Indicator Second Indicator Subfields
LEADER 00000cam a22000004a 4500
001 in00003402659
005 20190405202629.0
006 m d
007 cr |||||||nn|n
008 111101s2012 nyu o d eng d
010 |z  2011045432 
020 |a 9780814789537 
020 |z 9780814789520 (cl : alk. paper) 
020 |z 9780814723227 (ebook) 
020 |z 0814789528 
035 |a (MdBmJHUP)muse9780814789537 
040 |a MdBmJHUP  |c MdBmJHUP  |d UtOrBLW 
043 |a n-us--- 
050 0 0 |a KF4819  |b .B46 2012eb 
082 0 0 |a 325/.2720973  |2 23 
100 1 |a Bender, Steven. 
245 1 0 |a Run for the border :  |b vice and virtue in U.S.-Mexico border crossings /  |c Steven W. Bender. 
264 1 |a New York :  |b New York University Press,  |c 2012. 
300 |a 1 online resource (pages cm.) 
336 |a text  |b txt  |2 rdacontent 
337 |a computer  |b c  |2 rdamedia 
338 |a online resource  |b cr  |2 rdacarrier 
504 |a Includes bibliographical references and index. 
588 |a Description based on print version record. 
500 |a Electronic resource. 
650 0 |a Border security  |z Mexican-American Border Region. 
650 0 |a Emigration and immigration law  |z Mexico. 
650 0 |a Fugitives from justice  |z United States. 
650 0 |a Fugitives from justice  |z Mexico. 
651 0 |a Mexican-American Border Region  |x Emigration and immigration. 
650 0 |a Emigration and immigration law  |z United States. 
651 0 |a Mexico  |x Foreign relations  |z United States. 
651 0 |a United States  |x Foreign relations  |z Mexico. 
655 7 |a Electronic books.  |2 local 
856 4 0 |u http://proxy.library.tamu.edu/login?url=http://muse.jhu.edu/books/9780814789537/  |z Connect to the full text of this electronic book  |t 0 
999 |a MARS 
999 f f |s 3df3e9b2-5a35-337e-b270-a74a54f0cddd  |i 38b09cfc-991b-3f14-9153-1c27400db082  |t 0 
952 f f |a Texas A&M University  |b College Station  |c Electronic Resources  |d Available Online  |t 0  |e KF4819 .B46 2012eb  |h Library of Congress classification 
998 f f |a KF4819 .B46 2012eb  |t 0  |l Available Online